| 000 | 00773cam a22002533a 4500 | ||
|---|---|---|---|
| 001 | 4101 | ||
| 003 | PGUSA | ||
| 005 | 20140828083048.0 | ||
| 008 | 030601s2003||||xxu|||||s|||||000 | eng d | ||
| 040 |
_aPGUSA _beng |
||
| 042 | _adc | ||
| 050 | 4 | _aF001 | |
| 100 | 1 |
_aAmes, Azel, _d1845-1908 |
|
| 245 | 1 | 4 |
_aThe Mayflower and Her Log; July 15, 1620-May 6, 1621 — Volume 1 _h[electronic resource] / _cAzel Ames |
| 260 |
_bProject Gutenberg, _c2003 |
||
| 506 | _aPublic domain in the USA. | ||
| 516 | _aElectronic text | ||
| 653 | _aPilgrims (New Plymouth Colony) | ||
| 653 | _aMayflower (Ship) | ||
| 653 | _aMassachusetts -- History -- New Plymouth, 1620-1691 | ||
| 830 | 0 |
_aProject Gutenberg _v4101 |
|
| 856 | 4 | 0 | _uhttp://www.gutenberg.org/ebooks/4101 |
| 942 | _cEB | ||
| 999 |
_c233430 _d233430 |
||